000 01281nam0a22002531 4500
001 rc\400357
005 20030616165713.9
035 _a(NLR Aleph) 005649175
090 _a6752612
_c6752612
100 _a20030616d1989 u |0rusy50 ca
101 0 _arus
102 _aRU
105 _ay |||||||||
200 1 _aАктуальные проблемы гастроэнтерологии
_eТез. докл.
_fВторой Съезд гастроэнтерологов УССР, Днепропетровск, 3-5 окт. 1989 г.
_g[Редкол.: Ю.А. Филиппов (отв. ред.) и др.]
210 _aДнепропетровск
_cДнепропетр. НИИ гастроэнтерологии
_d1989
215 _a362, [1] с.
_d20
300 _aВ надзаг.: М-во здравоохранения УССР. Правл. Респ. науч. мед. о-ва гастроэнтерологов, Днепропетр. НИИ гастроэнтерологии
702 1 _aФилиппов
_bЮ. А.
_gЮрий Александрович
_4340
712 1 2 _aСъезд гастроэнтерологов УССР
_d2
_f1989
_eДнепропетровск
801 0 _aRU
_bNLR
_gpsbo
801 1 _aRU
_bELAR
_2rusmarc
852 _aNLR
_j89-3/14889
942 _cBOOK
980 _aNB